Akta Kastam 1967 (Akta 235) & Peraturan-peraturan (hingga 20hb Disember 2006) / (Record no. 3628)

000 -LEADER
fixed length control field nam a22 a 4500
003 - CONTROL NUMBER IDENTIFIER
control field AKMAL
005 - DATE AND TIME OF LATEST TRANSACTION
control field 20170523124054.0
008 - FIXED-LENGTH DATA ELEMENTS--GENERAL INFORMATION
fixed length control field 170523s2006 my | e l 000 0 may d
020 ## - INTERNATIONAL STANDARD BOOK NUMBER
International Standard Book Number 9678917386 (kkt.)
040 ## - CATALOGING SOURCE
Original cataloging agency AKMAL
082 04 - DEWEY DECIMAL CLASSIFICATION NUMBER
Classification number 343.595056 AKT
Edition number 22
090 00 - LOCALLY ASSIGNED LC-TYPE CALL NUMBER (OCLC); LOCAL CALL NUMBER (RLIN)
Classification number (OCLC) (R) ; Classification number, CALL (RLIN) (NR) 343.595056
Local cutter number (OCLC) ; Book number/undivided call number, CALL (RLIN) AKT
110 1# - MAIN ENTRY--CORPORATE NAME
Corporate name or jurisdiction name as entry element Malaysia
9 (RLIN) 400
245 10 - TITLE STATEMENT
Title Akta Kastam 1967 (Akta 235) & Peraturan-peraturan (hingga 20hb Disember 2006) /
Statement of responsibility, etc. disusun oleh Lembaga Penyelidikan Undang-Undang
260 ## - PUBLICATION, DISTRIBUTION, ETC.
Place of publication, distribution, etc. Petaling Jaya :
Name of publisher, distributor, etc. International Law Book Services,
Date of publication, distribution, etc. 2006
300 ## - PHYSICAL DESCRIPTION
Extent 198ms. ;
Dimensions 24cm.
650 10 - SUBJECT ADDED ENTRY--TOPICAL TERM
Topical term or geographic name entry element Tariff
General subdivision Law and legislation
Geographic subdivision Malaysia
9 (RLIN) 20
650 20 - SUBJECT ADDED ENTRY--TOPICAL TERM
Topical term or geographic name entry element Customs administration
General subdivision Law and legislation
Geographic subdivision Malaysia
9 (RLIN) 7180
710 2# - ADDED ENTRY--CORPORATE NAME
Corporate name or jurisdiction name as entry element Lembaga Penyelidikan Undang-Undang
9 (RLIN) 7181
942 ## - ADDED ENTRY ELEMENTS (KOHA)
Source of classification or shelving scheme
Koha item type Book
950 ## - LOCAL HOLDINGS (RLIN)
Permanent shelving location, LOC (RLIN) AKMAL
Holdings
Withdrawn status Lost status Source of classification or shelving scheme Damaged status Not for loan Collection code Home library Current library Shelving location Date acquired Total Checkouts Full call number Barcode Date last seen Price effective from Koha item type
          NON-FICTION AKMAL Melaka AKMAL Melaka PINJAMAN 23.05.2017   343.595056 AKT 201704672 23.05.2017 23.05.2017 Book
Pusat Sumber Maklumat Dato' Haji Sarmin Md Hussin, Akademi Kastam Diraja Malaysia, Melaka
Tel: 06-2331106 | Faks: 06-2313787